Design of a system for the analysis of court decisions

Gespeichert in:
Bibliographische Detailangaben
1. Verfasser: Stuchlý, Andrej (Verfasst von)
Weitere Verfasser: Marko, Richard (Betreuung Doktorarbeit)
Format: Manuskript Buch
Sprache:Slowakisch
Englisch
Veröffentlicht: 2025
Schlagworte:
Online-Zugang:http://is.stuba.sk/zp/portal_zp.pl?podrobnosti=169901
Tags: Tag hinzufügen
Keine Tags, Fügen Sie das erste Tag hinzu!

MARC

LEADER 00000ntm a22000003a 4500
001 stuzp102943
003 SK-STU
005 20250614211900.0
007 ta
008 150427s2015----xo-----f-mn---000-0-slo-d
040 |a STU  |b slo 
041 0 |a eng 
100 1 |a Stuchlý, Andrej  |u 070400  |4 aut  |U FIIT Fakulta informatiky a informačných technológií  |T FIIT Ústav počítačového inžinierstva a aplikovanej informatiky  |X 116711  |U I400  |Y 672  |7 116711 
242 0 1 |a Návrh systému na analýzu súdnych rozhodnutí  |y slo 
245 1 0 |a Design of a system for the analysis of court decisions 
260 |c 2025 
650 4 |a Natural Language Processing  |2 eng 
650 4 |a Legal Text Analysis  |2 eng 
650 4 |a Artificial Intelligence  |2 eng 
650 4 |a Spracovanie prirodzeného jazyka  |2 slo 
650 4 |a Umelá inteligencia  |2 slo 
650 4 |a Analýza právnych textov  |2 slo 
700 1 |a Marko, Richard  |u 070400  |k Z2  |4 ths  |U FIIT Fakulta informatiky a informačných technológií  |T FIIT Ústav počítačového inžinierstva a aplikovanej informatiky  |X 116343  |U I400  |Y 672  |7 116343 
856 4 |u http://is.stuba.sk/zp/portal_zp.pl?podrobnosti=169901